BONNEY'S GYNAECOLOGICAL SURGERY (Record no. 14918)

MARC details
000 -LEADER
fixed length control field 00337nam a22001577a 4500
003 - CONTROL NUMBER IDENTIFIER
control field SGT
020 ## - INTERNATIONAL STANDARD BOOK NUMBER
International Standard Book Number 978-81-265-6483-5
082 ## - DEWEY DECIMAL CLASSIFICATION NUMBER
Classification number 618.1
Item number B17L
100 ## - MAIN ENTRY--PERSONAL NAME
Personal name LOPES,TITO
245 ## - TITLE STATEMENT
Title BONNEY'S GYNAECOLOGICAL SURGERY
250 ## - EDITION STATEMENT
Edition statement 11TH
260 ## - PUBLICATION, DISTRIBUTION, ETC. (IMPRINT)
Place of publication, distribution, etc NEW DELHI
Name of publisher, distributor, etc WILEY
Year of Publication 2017
300 ## - PAGE DESCRIPTION
No. of Pages 272
650 ## - SUBJECT ADDED ENTRY--TOPICAL TERM
Topical term or geographic name as entry element AYURVEDA
942 ## - ADDED ENTRY ELEMENTS (KOHA)
Source of classification or shelving scheme Dewey Decimal Classification
Koha item type Books
Holdings
Withdrawn status Lost status Source of classification or shelving scheme Damaged status Use restrictions Not for loan Collection code Home library Current library Shelving location Date acquired Vendor Name Cost, normal purchase price SGTU Bill Number Full call number Accession No. (Barcode) Date last seen Bill Date Koha item type
    Dewey Decimal Classification   Restricted Access   AYURVEDA SGT FA-FP Library SGT FA-FP Library Reference Book 31/01/2018 AHUJA PUB 1695.00 SGTU 9136 618.1 B17L FA8040 31/01/2018 04/01/2018 Books
    Dewey Decimal Classification   Restricted Access   AYURVEDA SGT FA-FP Library SGT FA-FP Library Reference Book 31/01/2018 AHUJA PUB 1695.00 SGTU 9136 618.1 B17L FA8041 31/01/2018 04/01/2018 Books